Kitāb makātīb al-Rasūl, (Record no. 50570)

MARC details
000 -LEADER
fixed length control field 01195cam a2200277 4500
001 - CONTROL NUMBER
control field ne 68002643
003 - CONTROL NUMBER IDENTIFIER
control field DLC
005 - DATE AND TIME OF LATEST TRANSACTION
control field 20260227111844.0
008 - FIXED-LENGTH DATA ELEMENTS--GENERAL INFORMATION
fixed length control field 930225m19609999ir h b 000 0 ara
010 ## - LIBRARY OF CONGRESS CONTROL NUMBER
LC control number ne 68002643
035 ## - SYSTEM CONTROL NUMBER
System control number (CStRLIN)DCLN93-B77
040 ## - CATALOGING SOURCE
Original cataloging agency DLC-R
Transcribing agency DLC-R
Modifying agency DLC
050 00 - LIBRARY OF CONGRESS CALL NUMBER
Classification number BP77.69
Item number .A36 1960
066 ## - CHARACTER SETS PRESENT
Alternate G0 or G1 character set (3
100 1# - MAIN ENTRY--PERSONAL NAME
Linkage 880-01
Personal name Aḥmadī, ʻAlī ibn Ḥusayn-ʻAlī.
245 10 - TITLE STATEMENT
Linkage 880-02
Title Kitāb makātīb al-Rasūl,
Statement of responsibility, etc. taʼlīf ʻAlī ibn Ḥusayn-ʻAlī al-Aḥmadī.
260 ## - PUBLICATION, DISTRIBUTION, ETC.
Linkage 880-03
Place of publication, distribution, etc. [Qumm]
Name of publisher, distributor, etc. Muḥammad Mahdī al-Ḥujjatī wa-Qudrat al-Iskandarī,
Date of publication, distribution, etc. 1379-<[1963?]> [1960-1963?]
300 ## - PHYSICAL DESCRIPTION
Extent v. <1-2 >
Other physical details facsims.
Dimensions 25 cm.
500 ## - GENERAL NOTE
General note Vol. 2 published by Maktabat al-Muṣṭafawī.
504 ## - BIBLIOGRAPHY, ETC. NOTE
Bibliography, etc. note Includes bibliographies.
600 00 - SUBJECT ADDED ENTRY--PERSONAL NAME
Linkage 880-04
Personal name Muḥammad,
Titles and other words associated with a name Prophet,
Dates associated with a name -632
General subdivision Correspondence.
880 1# - ALTERNATE GRAPHIC REPRESENTATION
Linkage 100-01/(3/r
a أحمدي، علي بن حسينعلي.
880 10 - ALTERNATE GRAPHIC REPRESENTATION
Linkage 245-02/(3/r
a كتاب مكاتيب الرسول،
c تأليف علي بن حسينعلي الأحمدي.
880 ## - ALTERNATE GRAPHIC REPRESENTATION
Linkage 260-03/(3/r
a [قم]
b محمد مهدي الحجتي وقدرت الاسكندري،
c [1379-[1382?] [1960-1963?]
880 04 - ALTERNATE GRAPHIC REPRESENTATION
Linkage 600-04/(3/r
a محمد.

No items available.

Powered by Koha